Sobre gobernadores y residencias en la provincia de Venezuela siglos XVI, XVII, XVIII

Guardat en:
Dades bibliogràfiques
Autor principal: Vaccari San Miguel, Letizia (Autor)
Format: Llibre
Idioma:espanyol
Publicat: Caracas Fuentes para la Historia Colonial de Venezuela 1992
Col·lecció:Biblioteca de la Academia Nacional de la Historia, 217
Matèries:
Etiquetes: Afegir etiqueta
Sense etiquetes, Sigues el primer a etiquetar aquest registre!

MARC

LEADER 00000nam a2200000 a 4500
001 UCX8752
003 CL-VaPUC
008 940425e19920000VE |||||||||||||||||spa|d
082 0 4 |a 987  |b VAC  |2 21 
100 0 |a Vaccari San Miguel, Letizia  |e author  |9 325950 
245 1 0 |a Sobre gobernadores y residencias en la provincia de Venezuela siglos XVI, XVII, XVIII 
300 |a 266 p 
942 |c BK 
945 |d 19940425 00:00:00  |a aalvarez 
260 |a Caracas  |b Fuentes para la Historia Colonial de Venezuela  |c 1992 
650 0 |a Historia  |9 255047 
651 0 |a Venezuela  |9 254993 
583 |a last modification  |c 19940425 00:00:00  |k Rodrigo Vera 
490 0 |a Biblioteca de la Academia Nacional de la Historia, 217 
999 |c 228161  |d 228159 
952 |0 0  |1 0  |4 0  |6 987_000000000000000_VAC_1992  |7 0  |8 DER_HDC  |9 227900  |a BIBDER  |b BIBDER  |d 2019-11-15  |i 2971143  |o 987 VAC 1992  |p 2971143  |r 2023-01-25  |w 2019-11-15  |x Ubicación 4to Piso  |y BK  |z Estos recursos deben solicitarse con anticipación  |k DER